Benfica Trivia - Statistics

General Stats
  • This quiz has been taken 582 times
    387 since last reset
  • The average score is 12 of 16
Answer Stats
Question Answer % Correct
What is the name of Benfica’s stadium? Estádio da Luz
96%
Which Portuguese is Benfica’s all-time record goalscorer with 473? Eusébio
95%
Who is the current captain of Benfica? Nicolás Otamendi
89%
With which club does Benfica contest the Derby de Lisboa? Sporting Lisbon
89%
Who is Benfica’s record sale, joining Atlético Madrid for £113m in 2019? João Félix
88%
What is Benfica’s nickname, which translates into English as “The Eagles”? As {Águias}
85%
Which legendary Portuguese player started and ended his career at Benfica, and returned to the club as president in 2021? Rui Costa
83%
Which two clubs did Benfica beat in the 1961 and 1962 European Cup Finals? Real Madrid
82%
Who is the current head coach of Benfica? Roger Schmidt
82%
Who managed Benfica to the domestic treble in the 2013-14 season? Jorge Jesus
79%
Who is Benfica’s record signing, arriving from Almería for £30.6m in 2020? Darwin Núñez
71%
Which two clubs did Benfica beat in the 1961 and 1962 European Cup Finals? Barcelona
69%
Who is Benfica’s most successful player, with 20 major honours? Luisão
63%
Which manager guided Benfica to their two successive European Cup wins? Béla Guttmann
45%
Which Portuguese holds the record for most Benfica appearances with 575? Nené
31%
In the 1965-66 European Cup, Benfica achieved the competition’s highest aggregate goal margin of 18-0 against which club? Stade Dudelange
9%
No matching quizzes found
Score Distribution
Percent of People with Each Score
Percentile by Number Answered
Your Score History
You have not taken this quiz since the last reset